[Event "Arco op 45th"]
[Site "Arco"]
[Date "2023.10.08"]
[Round "2"]
[White "Pieri, Enzo"]
[Black "Hoehfeld, Markus"]
[Result "0-1"]
[WhiteElo "1511"]
[BlackElo "1809"]
[PlyCount "94"]
[EventDate "2023.10.07"]
[EventType "swiss"]
[EventRounds "9"]
[EventCountry "ITA"]
[SourceTitle "Mega2024 Update 01"]
[Source "Chessbase"]
[SourceDate "2023.11.12"]
[SourceVersion "1"]
[SourceVersionDate "2023.11.12"]
[SourceQuality "1"]

1. d4 d5 2. g3 Nf6 3. Bg2 c6 4. Nf3 Bf5 5. 0-0 h6 6. Nc3 e6 7. Re1 Be7 8. Ne5 Nbd7 9. e4 dxe4 10. Nxd7 Qxd7 11. Nxe4 0-0 12. Nxf6+ Bxf6 13. c3 Rac8 14. Bf4 g5 15. Be5 Bd8 16. g4 Bg6 17. Qe2 f6 18. Bg3 Re8 19. h4 Bc7 20. Bxc7 Rxc7 21. hxg5 hxg5 22. Qe3 Qd6 23. Qh3 Rh7 24. Qg3 Qxg3 25. fxg3 Rc7 26. Re3 Rce7 27. Rae1 e5 28. dxe5 Rxe5 29. Rxe5 Rxe5 30. Rxe5 fxe5 31. Kf2 Bb1 32. a3 Kf7 33. Ke3 Ba2 34. Bf1 Ke6 35. Bd3 Bb3 36. c4 a5 37. Bf5+ Kd6 38. Kd3 b5 39. cxb5 cxb5 40. Kc3 Bd1 41. b4 axb4+ 42. axb4 Be2 43. Kd2 Bf1 44. Ke3 Kd5 45. Bd7 e4 46. Be8 Bd3 47. Bf7+ Ke5 0-1

[Event "Arco op 45th"]
[Site "Arco"]
[Date "2023.10.07"]
[Round "1"]
[White "Bluebaum, Johanna"]
[Black "Pieri, Enzo"]
[Result "1-0"]
[WhiteElo "1944"]
[BlackElo "1511"]
[PlyCount "37"]
[EventDate "2023.10.07"]
[EventType "swiss"]
[EventRounds "9"]
[EventCountry "ITA"]
[SourceTitle "Mega2024 Update 01"]
[Source "Chessbase"]
[SourceDate "2023.11.12"]
[SourceVersion "1"]
[SourceVersionDate "2023.11.12"]
[SourceQuality "1"]

1. d4 d5 2. c4 Nf6 3. Nc3 g6 4. cxd5 Nxd5 5. e4 Nxc3 6. bxc3 Bg7 7. Nf3 0-0 8. h3 c5 9. Be2 Nc6 10. Be3 Qa5 11. Bd2 cxd4 12. cxd4 Qd8 13. d5 Bxa1 14. Qxa1 Nb8 15. Bh6 f6 16. Bxf8 Kxf8 17. 0-0 Nd7 18. Ng5 Kg7 19. Ne6+ 1-0

[Event "Condom op 19th"]
[Site "Condom"]
[Date "2022.07.13"]
[Round "6"]
[White "Beaurain, Louis"]
[Black "Pieri, Enzo"]
[Result "1-0"]
[WhiteElo "1537"]
[BlackElo "1586"]
[PlyCount "57"]
[EventDate "2022.07.09"]
[EventType "swiss"]
[EventRounds "9"]
[EventCountry "FRA"]
[SourceTitle "CBM 209 Extra"]
[Source "ChessBase"]
[SourceDate "2022.09.30"]
[SourceVersion "1"]
[SourceVersionDate "2022.09.30"]
[SourceQuality "1"]

1. d4 d5 2. Bf4 Nf6 3. Nf3 g6 4. Nc3 Bg7 5. Qd2 0-0 6. Bh6 Nbd7 7. Bxg7 Kxg7 8. h4 Ne4 9. Nxe4 dxe4 10. Ng5 Nf6 11. 0-0-0 h6 12. Nh3 Qd5 13. Kb1 Be6 14. b3 Bxh3 15. Rxh3 Ng4 16. e3 Qf5 17. f3 exf3 18. gxf3 Nf6 19. e4 Qd7 20. Rg3 Rfd8 21. Be2 c5 22. d5 Nh5 23. Rgg1 Qd6 24. Qc3+ Kh7 25. e5 Qb6 26. Qc4 Qc7 27. f4 b5 28. Qe4 Qb6 29. Bxh5 1-0

[Event "Condom op 19th"]
[Site "Condom"]
[Date "2022.07.12"]
[Round "5"]
[White "Pieri, Enzo"]
[Black "Colin, Penelope"]
[Result "0-1"]
[WhiteElo "1586"]
[BlackElo "1084"]
[PlyCount "110"]
[EventDate "2022.07.09"]
[EventType "swiss"]
[EventRounds "9"]
[EventCountry "FRA"]
[SourceTitle "CBM 209 Extra"]
[Source "ChessBase"]
[SourceDate "2022.09.30"]
[SourceVersion "1"]
[SourceVersionDate "2022.09.30"]
[SourceQuality "1"]

1. d4 d5 2. Nf3 Nf6 3. Nbd2 Nc6 4. e3 Bf5 5. c3 e6 6. Be2 Bd6 7. 0-0 0-0 8. Nh4 Be4 9. Nxe4 Nxe4 10. Nf3 Ne7 11. Bd3 f5 12. Ne5 c5 13. f3 Nf6 14. b3 Rc8 15. Bd2 Nc6 16. f4 Ne4 17. Be1 a6 18. g4 g6 19. Bxe4 fxe4 20. g5 cxd4 21. cxd4 Nxe5 22. dxe5 Bc5 23. Bf2 Qb6 24. Qd2 Kg7 25. h4 h6 26. gxh6+ Kxh6 27. Qe2 Rf5 28. Kg2 Rc7 29. Rh1 Rh5 30. Rh3 Kh7 31. Rah1 Rf7 32. Rg3 Qd8 33. Qg4 Rg7 34. Qxe6 d4 35. exd4 Bxd4 36. Rd1 Qxh4 37. Qh3 Qxh3+ 38. Rxh3 Rxh3 39. Bxd4 Rd3 40. Rxd3 exd3 41. Be3 Rd7 42. Bd2 Kg7 43. Kf3 Kf7 44. Kg4 Rc7 45. Kf3 Ke6 46. Ke3 Rd7 47. Ke4 b5 48. Ke3 Kf5 49. Bb4 g5 50. Bd6 gxf4+ 51. Kxd3 Kg4 52. Ke2 Kg3 53. Kf1 Kf3 54. b4 Kg3 55. Bb8 Kf3 0-1

[Event "Arco op 40th"]
[Site "Arco"]
[Date "2018.10.21"]
[Round "9"]
[White "Pieri, Enzo"]
[Black "Zechner, Andrea"]
[Result "0-1"]
[WhiteElo "1607"]
[BlackElo "1816"]
[PlyCount "42"]
[EventDate "2018.10.13"]
[EventType "swiss"]
[EventRounds "9"]
[EventCountry "ITA"]
[SourceTitle "CBM 186 Extra"]
[Source "ChessBase"]
[SourceDate "2018.08.24"]
[SourceVersion "1"]
[SourceVersionDate "2018.08.24"]
[SourceQuality "1"]

1. d4 d5 2. Nf3 Nf6 3. g3 Bf5 4. Bg2 e6 5. 0-0 Bd6 6. c3 0-0 7. Nbd2 c6 8. a4 Nbd7 9. b4 e5 10. dxe5 Nxe5 11. Nd4 Bd7 12. Qc2 Qc8 13. e4 Re8 14. f4 Neg4 15. Qd3 dxe4 16. Nxe4 Nxe4 17. Bxe4 Nf6 18. Bf5 Bf8 19. Rd1 c5 20. Bxd7 Qxd7 21. Nb5 Re1+ 0-1

[Event "Arco op 40th"]
[Site "Arco"]
[Date "2018.10.19"]
[Round "7"]
[White "Pieri, Enzo"]
[Black "Prosperi, Agostino"]
[Result "0-1"]
[WhiteElo "1607"]
[BlackElo "1839"]
[PlyCount "58"]
[EventDate "2018.10.13"]
[EventType "swiss"]
[EventRounds "9"]
[EventCountry "ITA"]
[SourceTitle "CBM 186 Extra"]
[Source "ChessBase"]
[SourceDate "2018.08.24"]
[SourceVersion "1"]
[SourceVersionDate "2018.08.24"]
[SourceQuality "1"]

1. d4 Nf6 2. c4 d6 3. Nc3 Nbd7 4. Nf3 e5 5. dxe5 dxe5 6. Nd5 c6 7. Nxf6+ Qxf6 8. Qc2 Bc5 9. e4 0-0 10. a3 a5 11. Be2 Re8 12. 0-0 Nf8 13. Bd2 Ne6 14. Rab1 Nd4 15. Nxd4 Bxd4 16. c5 Qg6 17. Kh1 Be6 18. f4 exf4 19. Bxf4 Bd5 20. Bd3 Bxe4 21. Bxe4 Rxe4 22. Bd6 Rae8 23. b4 axb4 24. axb4 Qg5 25. Qc4 Qg6 26. Rb3 Be5 27. Qc2 Re1 28. Qf2 Rxf1+ 29. Qxf1 Bxd6 0-1

[Event "Arco op 38th"]
[Site "Arco"]
[Date "2016.10.11"]
[Round "4"]
[White "Pieri, Enzo"]
[Black "Borries, Barbara"]
[Result "0-1"]
[WhiteElo "1643"]
[BlackElo "1791"]
[PlyCount "46"]
[EventDate "2016.10.08"]
[EventType "swiss"]
[EventRounds "9"]
[EventCountry "ITA"]
[SourceTitle "EXT 2017"]
[Source "ChessBase"]
[SourceDate "2016.10.25"]
[SourceVersion "1"]
[SourceVersionDate "2016.10.25"]
[SourceQuality "1"]

1. d4 Nf6 2. c4 g6 3. Nc3 d6 4. e4 Bg7 5. Be2 Nc6 6. Nf3 Bg4 7. h3 Bxf3 8. Bxf3 e6 9. 0-0 0-0 10. Be3 Re8 11. Rc1 a6 12. a3 h6 13. Qd2 Kh7 14. Be2 Ne7 15. f4 Nd7 16. Qc2 c5 17. Rcd1 Qc7 18. g4 cxd4 19. Bxd4 Bxd4+ 20. Rxd4 Qc5 21. Rfd1 e5 22. fxe5 dxe5 23. b4 Qa7 0-1

[Event "Arco op 38th"]
[Site "Arco"]
[Date "2016.10.09"]
[Round "2"]
[White "Pieri, Enzo"]
[Black "Bortolotti, Silvano"]
[Result "0-1"]
[WhiteElo "1643"]
[BlackElo "1821"]
[PlyCount "44"]
[EventDate "2016.10.08"]
[EventType "swiss"]
[EventRounds "9"]
[EventCountry "ITA"]
[SourceTitle "EXT 2017"]
[Source "ChessBase"]
[SourceDate "2016.10.25"]
[SourceVersion "1"]
[SourceVersionDate "2016.10.25"]
[SourceQuality "1"]

1. d4 b6 2. c4 Bb7 3. Nc3 e6 4. e4 Bb4 5. Bd3 f5 6. d5 fxe4 7. Bxe4 Nf6 8. Bf3 exd5 9. cxd5 0-0 10. Nge2 d6 11. 0-0 Bxc3 12. Nxc3 Nbd7 13. Ne4 Nxe4 14. Bxe4 Nf6 15. Bf3 Qd7 16. Qc2 Qf7 17. Bg5 Nxd5 18. Qe4 Qf5 19. Qh4 Rae8 20. Rae1 h6 21. Rxe8 Rxe8 22. Qh5 Re5 0-1

[Event "Arco op 37th"]
[Site "Arco"]
[Date "2015.10.14"]
[Round "5"]
[White "Pieri, Enzo"]
[Black "Buglisi, Massimo"]
[Result "0-1"]
[WhiteElo "1668"]
[BlackElo "1861"]
[PlyCount "56"]
[EventDate "2015.10.10"]
[EventType "swiss"]
[EventRounds "9"]
[EventCountry "ITA"]
[SourceTitle "CBM 168 Extra"]
[Source "ChessBase"]
[SourceDate "2015.10.29"]
[SourceVersion "1"]
[SourceVersionDate "2015.10.29"]
[SourceQuality "1"]

1. d4 Nf6 2. c4 c5 3. d5 b5 4. Nc3 b4 5. Nb1 e6 6. dxe6 fxe6 7. Nf3 Nc6 8. b3 Be7 9. Bb2 0-0 10. g3 d5 11. Ne5 Nxe5 12. Bxe5 Ng4 13. f4 Nxe5 14. fxe5 Qc7 15. Bg2 Qxe5 16. Nd2 Bb7 17. Rc1 Rad8 18. Nf3 Qh5 19. Qd3 d4 20. 0-0 e5 21. Nd2 Bxg2 22. Rxf8+ Rxf8 23. Kxg2 Bg5 24. Rf1 Bxd2 25. Qxd2 Rxf1 26. Kxf1 Qxh2 27. Qd3 Qh1+ 28. Kf2 e4 0-1

[Event "Arco op 37th"]
[Site "Arco"]
[Date "2015.10.12"]
[Round "3"]
[White "Pieri, Enzo"]
[Black "De Marinis, Marcello"]
[Result "1/2-1/2"]
[WhiteElo "1668"]
[BlackElo "1741"]
[PlyCount "70"]
[EventDate "2015.10.10"]
[EventType "swiss"]
[EventRounds "9"]
[EventCountry "ITA"]
[SourceTitle "CBM 168 Extra"]
[Source "ChessBase"]
[SourceDate "2015.10.29"]
[SourceVersion "1"]
[SourceVersionDate "2015.10.29"]
[SourceQuality "1"]

1. d4 Nf6 2. c4 c5 3. d5 b5 4. Nc3 d6 5. Nxb5 g6 6. Nc3 Bg7 7. Nf3 0-0 8. e4 Nbd7 9. Be2 a5 10. 0-0 Ba6 11. a4 Ng4 12. Qc2 Nge5 13. Nxe5 Nxe5 14. Nb5 Bc8 15. Ra3 f5 16. f4 Nf7 17. exf5 Bxf5 18. Bd3 Nh6 19. Bxf5 Nxf5 20. Qe4 Qd7 21. g4 Nd4 22. h3 Rf7 23. Kg2 Raf8 24. Nxd4 Bxd4 25. Rff3 Rb8 26. Qc2 e6 27. Rab3 Rb4 28. Rxb4 axb4 29. b3 exd5 30. cxd5 Qe7 31. Qc4 Qe1 32. Rf1 Qe4+ 33. Rf3 Qe1 34. Rf1 Qe4+ 35. Rf3 Qe1 1/2-1/2

[Event "Arco op 37th"]
[Site "Arco"]
[Date "2015.10.10"]
[Round "1"]
[White "Pieri, Enzo"]
[Black "Davies, Peter L"]
[Result "0-1"]
[WhiteElo "1668"]
[BlackElo "1997"]
[PlyCount "38"]
[EventDate "2015.10.10"]
[EventType "swiss"]
[EventRounds "9"]
[EventCountry "ITA"]
[SourceTitle "CBM 168 Extra"]
[Source "ChessBase"]
[SourceDate "2015.10.29"]
[SourceVersion "1"]
[SourceVersionDate "2015.10.29"]
[SourceQuality "1"]

1. d4 Nf6 2. c4 c5 3. d5 e6 4. Nc3 exd5 5. Nxd5 Nxd5 6. Qxd5 Nc6 7. Nf3 Be7 8. g3 0-0 9. Bg2 d6 10. 0-0 Be6 11. Qd3 Nb4 12. Qb3 b5 13. Nd2 bxc4 14. Nxc4 d5 15. Rd1 Rc8 16. Qa4 d4 17. Ne5 Qc7 18. Bf4 g5 19. Nxf7 gxf4 0-1

[Event "Arco op 34th"]
[Site "Arco"]
[Date "2012.10.20"]
[Round "8"]
[White "Rizzo, Giuseppe"]
[Black "Pieri, Enzo"]
[Result "1-0"]
[WhiteElo "1761"]
[BlackElo "1740"]
[PlyCount "73"]
[EventDate "2012.10.13"]
[EventType "swiss"]
[EventRounds "9"]
[EventCountry "ITA"]
[SourceTitle "EXT 2013"]
[Source "ChessBase"]
[SourceDate "2012.11.22"]
[SourceVersion "1"]
[SourceVersionDate "2012.11.22"]
[SourceQuality "1"]

1. d4 d5 2. Nf3 Nf6 3. e3 g6 4. c4 c6 5. Nc3 Bg7 6. Be2 0-0 7. 0-0 Nbd7 8. b3 Re8 9. Ne5 Ne4 10. Nxe4 Nxe5 11. Nc3 Nd7 12. cxd5 Qa5 13. Bd2 cxd5 14. Nb5 Qd8 15. Rc1 Rb8 16. Nxa7 e5 17. Nb5 exd4 18. exd4 Nf6 19. Bf4 Ra8 20. a4 Re4 21. Bc7 Qd7 22. Bf3 Re6 23. Be5 Rc6 24. Qe2 Raa6 25. Rc2 Rxc2 26. Qxc2 Rc6 27. Qd3 Ne8 28. Na7 Rb6 29. Nxc8 Qxc8 30. Bxg7 Nxg7 31. Bxd5 Qd7 32. Bc4 Nf5 33. d5 Rd6 34. Rd1 Ne7 35. a5 Nc6 36. Qc3 Qf5 37. Re1 1-0

[Event "Arco op 34th"]
[Site "Arco"]
[Date "2012.10.17"]
[Round "5"]
[White "Pieri, Enzo"]
[Black "Bondielli, Giorgio"]
[Result "0-1"]
[WhiteElo "1740"]
[BlackElo "1849"]
[PlyCount "46"]
[EventDate "2012.10.13"]
[EventType "swiss"]
[EventRounds "9"]
[EventCountry "ITA"]
[SourceTitle "EXT 2013"]
[Source "ChessBase"]
[SourceDate "2012.11.22"]
[SourceVersion "1"]
[SourceVersionDate "2012.11.22"]
[SourceQuality "1"]

1. d4 f5 2. c4 Nf6 3. Nc3 g6 4. Nf3 Bg7 5. e3 d6 6. Nd5 0-0 7. Qb3 c6 8. Nxf6+ Bxf6 9. Bd3 Nd7 10. 0-0 Rb8 11. c5+ d5 12. e4 fxe4 13. Bxe4 e5 14. Nxe5 Nxe5 15. dxe5 Bxe5 16. Bh6 Rf7 17. Bxg6 hxg6 18. f4 Bd4+ 19. Kh1 Bf5 20. Rae1 Qd7 21. h3 Rh7 22. Bg5 Bxh3 23. Re7 Bf5+ 0-1

[Event "Condino op 12th"]
[Site "Condino"]
[Date "2012.07.25"]
[Round "4"]
[White "Agostinetto, Alessandro"]
[Black "Pieri, Enzo"]
[Result "0-1"]
[WhiteElo "1656"]
[BlackElo "1750"]
[PlyCount "104"]
[EventDate "2012.07.22"]
[EventType "swiss"]
[EventRounds "7"]
[EventCountry "ITA"]
[SourceTitle "CBM 149 Extra"]
[Source "ChessBase"]
[SourceDate "2012.08.24"]
[SourceVersion "1"]
[SourceVersionDate "2012.08.24"]
[SourceQuality "1"]

1. e4 d6 2. d4 c6 3. Nf3 Nf6 4. Nc3 a6 5. Bg5 Nbd7 6. Bc4 b5 7. Bb3 b4 8. Bxf6 Nxf6 9. e5 bxc3 10. exf6 cxb2 11. Rb1 exf6 12. Qe2+ Qe7 13. Qxe7+ Bxe7 14. Rxb2 0-0 15. 0-0 Be6 16. Re1 d5 17. Ba4 c5 18. Bc6 Rab8 19. Rxb8 Rxb8 20. Bxd5 Bxd5 21. Rxe7 Rb1+ 22. Ne1 Kf8 23. Re2 cxd4 24. g4 Bxa2 25. h3 Bc4 26. Re4 d3 27. cxd3 Bxd3 28. Re3 Bc4 29. Kh2 Rb3 30. Re4 Bb5 31. Ng2 a5 32. Nf4 a4 33. Re1 a3 34. Ra1 Bc4 35. h4 Rf3 36. Nh3 a2 37. g5 Rb3 38. Rxa2 Rxh3+ 39. Kxh3 Bxa2 40. gxf6 g6 41. Kg4 h5+ 42. Kg5 Be6 43. Kf4 Ke8 44. Ke5 Kd7 45. f3 Bf5 46. Kd5 Be6+ 47. Ke5 Kc6 48. Kf4 Kd5 49. Kg5 Ke5 50. f4+ Ke4 51. f5 Bxf5 52. Kh6 Kf4 0-1

[Event "Condino op 12th"]
[Site "Condino"]
[Date "2012.07.24"]
[Round "3"]
[White "Pieri, Enzo"]
[Black "Poletti, Fausto"]
[Result "0-1"]
[WhiteElo "1750"]
[BlackElo "1950"]
[PlyCount "96"]
[EventDate "2012.07.22"]
[EventType "swiss"]
[EventRounds "7"]
[EventCountry "ITA"]
[SourceTitle "CBM 149 Extra"]
[Source "ChessBase"]
[SourceDate "2012.08.24"]
[SourceVersion "1"]
[SourceVersionDate "2012.08.24"]
[SourceQuality "1"]

1. d4 Nf6 2. c4 g6 3. Nc3 Bg7 4. Nf3 d6 5. g3 0-0 6. Bg2 Nc6 7. 0-0 e5 8. dxe5 dxe5 9. Qxd8 Rxd8 10. e4 Be6 11. b3 h6 12. Bb2 Ne8 13. Nd5 Nd4 14. Kh1 c6 15. Ne3 Rd7 16. Ne1 Rad8 17. f4 f6 18. f5 gxf5 19. exf5 Bf7 20. Nd3 Nxf5 21. Nxf5 Rxd3 22. Nxg7 Kxg7 23. Ba3 Be6 24. Bf3 Bh3 25. Rf2 Rd2 26. Rxd2 Rxd2 27. Bh5 Nc7 28. Bb4 Rd7 29. Rd1 Rxd1+ 30. Bxd1 Bf5 31. Kg2 Ne6 32. a4 Nd4 33. Kf2 Bc2 34. Bxc2 Nxc2 35. Bc3 c5 36. Bd2 h5 37. a5 a6 38. Be3 Nd4 39. Bxd4 exd4 40. Ke2 Kg6 41. Kd3 Kf5 42. b4 cxb4 43. Kxd4 Kg4 44. c5 Kh3 45. Kc4 Kxh2 46. Kxb4 Kxg3 47. c6 bxc6 48. Kc5 h4 0-1

[Event "Condino op 12th"]
[Site "Condino"]
[Date "2012.07.22"]
[Round "1"]
[White "Pieri, Enzo"]
[Black "Garonzi, Martino"]
[Result "0-1"]
[WhiteElo "1750"]
[BlackElo "2025"]
[PlyCount "80"]
[EventDate "2012.07.22"]
[EventType "swiss"]
[EventRounds "7"]
[EventCountry "ITA"]
[SourceTitle "CBM 149 Extra"]
[Source "ChessBase"]
[SourceDate "2012.08.24"]
[SourceVersion "1"]
[SourceVersionDate "2012.08.24"]
[SourceQuality "1"]

1. d4 Nf6 2. c4 g6 3. Nc3 Bg7 4. Nf3 d6 5. g3 0-0 6. Bg2 Nbd7 7. 0-0 c6 8. b3 Qc7 9. Bb2 e5 10. e4 Re8 11. Qc2 Nf8 12. Rad1 Bg4 13. h3 Bd7 14. dxe5 dxe5 15. Ba3 Rad8 16. Bd6 Qc8 17. Kh2 Nh5 18. Qc1 f6 19. Qa3 Be6 20. Qxa7 Nd7 21. c5 Qa8 22. Qxa8 Rxa8 23. Na4 Bf8 24. Bxf8 Kxf8 25. Rd6 Ke7 26. Rfd1 Ra5 27. R1d2 Nxc5 28. Nxc5 Rxc5 29. Bf1 Bd5 30. R6xd5 cxd5 31. exd5 Rd8 32. a4 Rdxd5 33. Rxd5 Rxd5 34. Bc4 Rd8 35. Kg2 e4 36. Ne1 f5 37. Nc2 Nf6 38. Ne3 Kd6 39. f3 Kc5 40. fxe4 Nxe4 0-1

[Event "Queenstown op"]
[Site "Queenstown"]
[Date "2012.01.21"]
[Round "7"]
[White "Pieri, Enzo"]
[Black "Burns, Christopher John"]
[Result "0-1"]
[WhiteElo "1771"]
[BlackElo "2022"]
[PlyCount "126"]
[EventDate "2012.01.15"]
[EventType "swiss"]
[EventRounds "9"]
[EventCountry "NZL"]
[SourceTitle "CBM 146 Extra"]
[Source "ChessBase"]
[SourceDate "2012.02.29"]
[SourceVersion "1"]
[SourceVersionDate "2012.02.29"]
[SourceQuality "1"]

1. d4 d5 2. Nf3 Nf6 3. g3 Bf5 4. Bg2 h6 5. 0-0 e6 6. c4 c6 7. c5 b6 8. b4 a5 9. bxa5 bxc5 10. Bd2 cxd4 11. Nxd4 Be4 12. Qc1 Qd7 13. Nb3 Bxg2 14. Kxg2 Na6 15. Be3 c5 16. Na3 Rc8 17. Rd1 Bd6 18. Rb1 0-0 19. f4 Rfd8 20. Nd2 Nb4 21. Rb2 Qa4 22. Ndb1 Qxa5 23. Qd2 Ne4 24. Qe1 Ra8 25. Bd2 Qa6 26. Bxb4 cxb4 27. Nc2 Rdb8 28. Rd3 Nc5 29. Rd4 Na4 30. Rb3 Bc5 31. Rdd3 Qa5 32. a3 Qc7 33. axb4 Be7 34. Nd4 Nb6 35. b5 Bf6 36. Nc6 Rc8 37. Qb4 Ra4 38. Qe1 Nc4 39. Nc3 Raa8 40. e4 Bxc3 41. Rdxc3 Ra2+ 42. Kh3 Rca8 43. exd5 exd5 44. f5 Kf8 45. Nb4 Ra1 46. Rb1 Rxb1 47. Qxb1 Qe5 48. Qd3 Nb6 49. Rc5 g5 50. fxg6 Qe6+ 51. g4 h5 52. Qf5 hxg4+ 53. Kxg4 Qe2+ 54. Qf3 Qe6+ 55. Qf5 Ra4 56. Qxe6 fxe6 57. Kg5 Rxb4 58. Rc6 Rxb5 59. Rxe6 Nd7 60. Kh6 Rb6 61. Kh7 Rxe6 62. g7+ Ke7 63. g8N+ Kf7 0-1

[Event "Arco op 33rd"]
[Site "Arco"]
[Date "2011.10.30"]
[Round "9"]
[White "Pieri, Enzo"]
[Black "Stolfa, Rodolfo"]
[Result "1-0"]
[WhiteElo "1729"]
[BlackElo "1812"]
[PlyCount "97"]
[EventDate "2011.10.22"]
[EventType "swiss"]
[EventRounds "9"]
[EventCountry "ITA"]
[SourceTitle "EXT 2012"]
[Source "ChessBase"]
[SourceDate "2011.11.24"]
[SourceVersion "1"]
[SourceVersionDate "2011.11.24"]
[SourceQuality "1"]

1. d4 d5 2. Nf3 Nf6 3. c4 e6 4. Nc3 Be7 5. e3 Nbd7 6. c5 0-0 7. Bd3 Re8 8. 0-0 c6 9. b4 b6 10. Rb1 b5 11. a4 a6 12. a5 Qc7 13. Qc2 h6 14. e4 dxe4 15. Nxe4 Nxe4 16. Bxe4 Nf6 17. Ne5 Nxe4 18. Qxe4 Bd7 19. Qg4 Bg5 20. f4 Bf6 21. h4 Re7 22. Rb3 Kf8 23. Qf3 Ke8 24. g4 Bxe5 25. dxe5 Kd8 26. Rd3 Kc8 27. Rd6 Kb7 28. Qe4 Rg8 29. Qh7 Qc8 30. Rfd1 Kc7 31. Qe4 Qe8 32. Be3 f6 33. Bf2 f5 34. gxf5 exf5 35. Qf3 g5 36. Rxh6 gxf4+ 37. Kh2 Rg4 38. Rdd6 Rxe5 39. h5 Re2 40. Rhg6 Re4 41. Qd3 Rxg6 42. Rxg6 Qe5 43. Qd6+ Qxd6 44. cxd6+ Kd8 45. h6 Be8 46. h7 Bxg6 47. h8Q+ Be8 48. Qf6+ Kd7 49. Qxf5+ 1-0

[Event "Arco op 33rd"]
[Site "Arco"]
[Date "2011.10.29"]
[Round "8"]
[White "Trimarchi, Giuseppe"]
[Black "Pieri, Enzo"]
[Result "1-0"]
[WhiteElo "1923"]
[BlackElo "1729"]
[PlyCount "93"]
[EventDate "2011.10.22"]
[EventType "swiss"]
[EventRounds "9"]
[EventCountry "ITA"]
[SourceTitle "EXT 2012"]
[Source "ChessBase"]
[SourceDate "2011.11.24"]
[SourceVersion "1"]
[SourceVersionDate "2011.11.24"]
[SourceQuality "1"]

1. e4 c6 2. d4 d5 3. Nc3 dxe4 4. Nxe4 Nf6 5. Nxf6+ exf6 6. Nf3 Be6 7. Be3 Bd6 8. Qd2 Nd7 9. c3 Qc7 10. Be2 0-0 11. 0-0 Bg4 12. h3 Bh5 13. Rad1 Rad8 14. Nh4 Bxe2 15. Qxe2 Rfe8 16. Nf5 Bf8 17. Qg4 Kh8 18. Bf4 Qa5 19. Rfe1 g6 20. Rxe8 Rxe8 21. Nd6 Re7 22. Nxb7 Qxa2 23. Bd6 f5 24. Qh4 Re8 25. Bxf8 Rxf8 26. d5 Qb3 27. Rd2 Qxb7 28. dxc6 Qxc6 29. Qe7 Qb6 30. Rxd7 Kg8 31. Rb7 Qa6 32. Rxa7 Qd3 33. Rb7 f4 34. Qf6 Qe4 35. Rb4 Qe1+ 36. Kh2 Qxf2 37. Qxf4 Qe2 38. b3 h5 39. c4 Kg7 40. Rb7 Qd3 41. b4 Kg8 42. c5 Qd5 43. Rb8 Rxb8 44. Qxb8+ Kg7 45. Qc7 h4 46. b5 g5 47. b6 1-0

[Event "Arco op 33rd"]
[Site "Arco"]
[Date "2011.10.26"]
[Round "5"]
[White "Pieri, Enzo"]
[Black "Cavatorta, Fosco"]
[Result "0-1"]
[WhiteElo "1729"]
[BlackElo "1905"]
[PlyCount "52"]
[EventDate "2011.10.22"]
[EventType "swiss"]
[EventRounds "9"]
[EventCountry "ITA"]
[SourceTitle "EXT 2012"]
[Source "ChessBase"]
[SourceDate "2011.11.24"]
[SourceVersion "1"]
[SourceVersionDate "2011.11.24"]
[SourceQuality "1"]

1. d4 d6 2. c4 e5 3. Nf3 e4 4. Ng5 f5 5. g3 Be7 6. Nh3 Nf6 7. Nc3 c6 8. Bg2 0-0 9. 0-0 a5 10. d5 Na6 11. a3 Nc7 12. Nf4 g5 13. Nh3 h6 14. f4 g4 15. Nf2 b5 16. dxc6 bxc4 17. Be3 Rb8 18. Bd4 Ne6 19. Bxf6 Bxf6 20. Nd5 Rxb2 21. Nxf6+ Qxf6 22. Qxd6 Rd8 23. Qe5 Qxe5 24. fxe5 Rdd2 25. Nxe4 fxe4 26. Bxe4 Ng5 0-1

[Event "Arco op 33rd"]
[Site "Arco"]
[Date "2011.10.24"]
[Round "3"]
[White "Pieri, Enzo"]
[Black "Ziltener, Werner"]
[Result "1/2-1/2"]
[WhiteElo "1729"]
[BlackElo "2081"]
[PlyCount "85"]
[EventDate "2011.10.22"]
[EventType "swiss"]
[EventRounds "9"]
[EventCountry "ITA"]
[SourceTitle "EXT 2012"]
[Source "ChessBase"]
[SourceDate "2011.11.24"]
[SourceVersion "1"]
[SourceVersionDate "2011.11.24"]
[SourceQuality "1"]

1. d4 d5 2. Nf3 Nf6 3. c4 c6 4. Nc3 a6 5. cxd5 cxd5 6. g3 Nc6 7. Bg2 Bf5 8. a3 e6 9. 0-0 Be7 10. Nh4 Bg6 11. Nxg6 hxg6 12. Re1 Qb6 13. e3 Rc8 14. Na4 Qc7 15. b4 0-0 16. Bb2 Nd7 17. Rc1 Nb6 18. Nc5 Nc4 19. Qb3 Nxb2 20. Qxb2 Rfd8 21. a4 Qb6 22. Bf1 Bxc5 23. Rxc5 Qxb4 24. Qxb4 Nxb4 25. Rec1 Rc6 26. a5 Rdc8 27. Rb1 Rxc5 28. dxc5 Nc6 29. Rxb7 Nxa5 30. Rb6 Rxc5 31. Rxa6 Nc4 32. Ra8+ Kh7 33. Rf8 f6 34. h4 Nd2 35. Bd3 Nf3+ 36. Kf1 Ne5 37. Be2 Rc1+ 38. Kg2 Rc2 39. Kf1 Ra2 40. Re8 Ra1+ 41. Kg2 Ra2 42. Kf1 Ra1+ 43. Kg2 1/2-1/2

[Event "Canadian op 48th"]
[Site "Toronto"]
[Date "2011.07.12"]
[Round "4"]
[White "Pieri, Enzo"]
[Black "Rachar, Sean"]
[Result "0-1"]
[WhiteElo "1734"]
[BlackElo "1980"]
[PlyCount "40"]
[EventDate "2011.07.09"]
[EventType "swiss"]
[EventRounds "9"]
[EventCountry "CAN"]
[SourceTitle "EXT 2022"]
[Source "ChessBase"]
[SourceDate "2021.10.06"]
[SourceVersion "1"]
[SourceVersionDate "2021.10.06"]
[SourceQuality "1"]

1. d4 Nf6 2. Nf3 d5 3. Bg5 Bf5 4. Nc3 e6 5. a3 Nbd7 6. Ne5 Nxe5 7. dxe5 h6 8. Bxf6 gxf6 9. exf6 Qxf6 10. e3 0-0-0 11. Qd2 d4 12. Nb5 a6 13. Qa5 axb5 14. Qa8+ Kd7 15. Qxb7 Bd6 16. Bxb5+ Ke7 17. e4 Rb8 18. Qc6 Bxe4 19. Qxe4 Rxb5 20. b4 Re5 0-1

[Event "Recco op-B 4th"]
[Site "Recco"]
[Date "2010.11.28"]
[Round "5"]
[White "Pieri, Enzo"]
[Black "Rossi Cassani, Gianni"]
[Result "0-1"]
[WhiteElo "1740"]
[BlackElo "1796"]
[PlyCount "74"]
[EventDate "2010.11.26"]
[EventType "swiss"]
[EventRounds "5"]
[EventCountry "ITA"]
[SourceTitle "EXT 2023"]
[Source "ChessBase"]
[SourceDate "2022.10.05"]
[SourceVersion "1"]
[SourceVersionDate "2022.10.05"]
[SourceQuality "1"]

1. d4 Nf6 2. Nf3 c5 3. e3 b6 4. Bd3 Bb7 5. c3 d6 6. Nbd2 g6 7. 0-0 Bg7 8. e4 0-0 9. d5 e6 10. c4 exd5 11. exd5 Na6 12. a3 Nc7 13. Rb1 a6 14. b4 b5 15. bxc5 dxc5 16. Ne4 Nxe4 17. Bxe4 Ra7 18. Be3 Qd6 19. g3 Rd8 20. Qc2 Bf8 21. Bf4 Qb6 22. Ne5 Ne8 23. Nc6 Bxc6 24. dxc6 Bd6 25. Be3 Nf6 26. Bg2 Ng4 27. Bg5 Be7 28. Bxe7 Rxe7 29. f4 Ne3 30. Qe2 Rde8 31. Rbe1 Nxg2 32. Qxe7 Rxe7 33. Rxe7 Qxc6 34. cxb5 axb5 35. Re2 Nxf4 36. gxf4 Qf3 37. Re8+ Kg7 0-1